| 000 | 01340cam a2200241 4500 | ||
|---|---|---|---|
| 001 | ABS66270 | ||
| 008 | 021217n2002 000 0 eng u | ||
| 035 | _a(Sirsi) u120790 | ||
| 100 | _aPollard, A | ||
| 245 | _aSeeking a new lease of life | ||
| 260 | _c2002 | ||
| 490 |
_aProperty Week _v43(66) 15 November 2002, 40(1) |
||
| 520 | _aLooks at "Homebase Ltd v Allied Dunbar Assurance plc" where a dispute has arisen regarding subletting. Homebase wishes to take their case to tthe House of Lords, concerning Allied Dunbar's obligations on subletting and Homebase's attempt to sublet on terms which appear to satisfy the conditions of the subletting covernant by way of a side-agreement or collateral deed. Under the new "Code of practice for commercial leases", an alternative form of lease which may be priced on a risk-adjustment basis, may be offered. Concludes that landlords must carefully consider refusals to sublet as tenants who lose opportunities to dispose of their interest may be more ready to seek damages. | ||
| 590 | _aABS | ||
| 650 | _aHOMEBASE LTD AND ANOTHER V ALLIED DUNBAR ASSURANCE PLC | ||
| 650 | _aSUBLETTING | ||
| 650 | _aLANDLORD AND TENANT ACT 1988 | ||
| 650 | _aCOMMERCIAL LEASES | ||
| 650 | _aCOLLATERAL DEEDS | ||
| 650 | _aSIDE AGREEMENTS | ||
| 690 | _aLANDLORD AND TENANT-LEASES | ||
| 942 | _n0 | ||
| 999 |
_c71776 _d71776 |
||